000 00576cam a22002052 4500
001 0000001316
005 20151217154329.0
008 070305s xx 000 0 eng d
020 _cKES 900
040 _aKABU
_cKABU
050 0 _aHB171.5
_b.S77
110 2 _aStrathmore University.
_bDistance Learning Centre.
_@0000150769
245 1 0 _aEconomics :
_bsubject no. 3 revision kit.
260 _aNairobi :
_bSUP,
_c2006.
300 _a214 p.
650 0 _aEconomics.
_@0000148279
908 _a070305
950 _@1
999 _c10534
_d10534